Quadro elementar das relaçoes politicas e diplomaticas de Portugal com as diversas potencias do mundo (Record no. 151696)

MARC details
000 -LEADER
campo de control de longitud fija 01048nam a2200193 i 4500
001 - NÚMERO DE CONTROL
campo de control 151696
003 - IDENTIFICADOR DE NÚMERO DE CONTROL
campo de control ES-MaACL
005 - FECHA Y HORA DE LA ÚLTIMA TRANSACCIÓN
campo de control 20251014063214.0
008 - DATOS DE LONGITUD FIJA--INFORMACIÓN GENERAL
campo de control de longitud fija 931025m18421865fr |||| | por d
100 1# - ENTRADA PRINCIPAL--NOMBRE DE PERSONA
Nombre de persona Santarém, Manuel Francisco de Barros e Sousa,
Títulos y otros términos asociados al nombre Visconde de,
Fechas asociadas al nombre 1791-1856
9 (RLIN) 125835
245 10 - MENCIÓN DEL TÍTULO
Título Quadro elementar das relaçoes politicas e diplomaticas de Portugal com as diversas potencias do mundo
Resto del título : desde ó principio da monarchia portugueza até aos nossos dias /
Mención de responsabilidad, etc. ordenado e composto pelo Visconde de Santarem ; [continuado por Luiz Augusto Rebelo da Silva].
260 ## - PUBLICACIÓN, DISTRIBUCIÓN, ETC.
Lugar de publicación, distribución, etc. Pariz :
Nombre del editor, distribuidor, etc. [s.n.],
Fecha de publicación, distribución, etc. 1842-1865 (
Fabricante Officina Typ. de Fain e Thunot)
300 ## - DESCRIPCIÓN FÍSICA
Extensión 19 v. ;
Dimensiones 23 cm.
500 ## - NOTA GENERAL
Nota general Los tomos 9, 16, 17 y 18 son los continuados por Rebello da Silva, según consta en sus portadas.
651 #7 - PUNTO DE ACCESO ADICIONAL DE MATERIA--NOMBRE GEOGRÁFICO
Nombre geográfico Portugal-
Subdivisión general Política exterior
Fuente del encabezamiento o término
9 (RLIN) 156113
700 1# - ENTRADA AGREGADA--NOMBRE PERSONAL
Nombre de persona Silva, Luis Augusto Rebello da,
Fechas asociadas al nombre 1822-1871
9 (RLIN) 132743
852 ## - LOCALIZACIÓN
Ubicación ES-MaACL
Número de control de estantería G-6959-76
Nota libre -- Enc. pasta española
condición física -- Falto de los T. XVI y XIX
Holdings
Estatus retirado Estado de pérdida Estado de daño No para préstamo Colección Biblioteca de origen Biblioteca actual Ubicación en estantería Fecha de adquisición Total de préstamos Signatura topográfica completa Código de barras Visto por última vez Precio de reemplazo Tipo de ítem Koha
        Libros del s. XIX Biblioteca del Ateneo de Madrid Biblioteca del Ateneo de Madrid Depósito 2 17/01/2008   G-6959-76 1158319 23/02/2023 23/02/2023 Libro impreso antiguo